| 000 | 00928cam a2200193 4500 | ||
|---|---|---|---|
| 001 | WB3904-02 | ||
| 008 | 030130n2003 000 0 eng u | ||
| 035 | _a(Sirsi) u121183 | ||
| 245 | _aConstruction degrees extinct in 10 years | ||
| 260 | _c2003 | ||
| 490 |
_aBuilding _v268(8267) 24 January 2003, 11(1) |
||
| 520 | _a"Rethinking construction education", a draft report compiled by the University of Central England claims that construction degrees face extinction within 10 years if the decline in student applications continues. This would have a major effect on the industry and ultimately on the economy. However leading construction academics did not concur with this dire prognosis and were optimistic about the numbers and quality of the applicants. | ||
| 590 | _aWB | ||
| 650 | _aGRADUATES | ||
| 650 | _aUNIVERSITIES | ||
| 650 | _aCAREERS, EDUCATION AND TRAINING | ||
| 690 | _aBUILT ENVIRONMENT | ||
| 942 | _n0 | ||
| 999 |
_c72010 _d72010 |
||